An introduction to judicial conduct and practice / (Record no. 644)

MARC details
000 -LEADER
fixed length control field 00918nam a2200301 a 4500
001 - CONTROL NUMBER
control field 613414
003 - CONTROL NUMBER IDENTIFIER
control field OSt
005 - DATE AND TIME OF LATEST TRANSACTION
control field 20131102154824.0
008 - FIXED-LENGTH DATA ELEMENTS--GENERAL INFORMATION
fixed length control field 930911s1990 ug b 000 0 eng d
010 ## - LIBRARY OF CONGRESS CONTROL NUMBER
LC control number 91980898
035 ## - SYSTEM CONTROL NUMBER
System control number (OCoLC)28518696
040 ## - CATALOGING SOURCE
Original cataloging agency NNC-L
Transcribing agency NNC-L
Modifying agency DLC
042 ## - AUTHENTICATION CODE
Authentication code lccopycat
043 ## - GEOGRAPHIC AREA CODE
Geographic area code f-ug---
050 00 - LIBRARY OF CONGRESS CALL NUMBER
Classification number MLCL 93/00476 (K)
082 ## - DEWEY DECIMAL CLASSIFICATION NUMBER
Classification number 347.014 ODO
100 1# - MAIN ENTRY--PERSONAL NAME
Personal name Odoki, B. J.
Fuller form of name (Ben J.)
9 (RLIN) 1859
245 13 - TITLE STATEMENT
Title An introduction to judicial conduct and practice /
Statement of responsibility, etc B.J. Odoki.
250 ## - EDITION STATEMENT
Edition statement 3rd ed.
260 ## - PUBLICATION, DISTRIBUTION, ETC. (IMPRINT)
Place of publication, distribution, etc Kampala, Uganda :
Name of publisher, distributor, etc Law Development Centre,
Date of publication, distribution, etc [1990?]
300 ## - PHYSICAL DESCRIPTION
Extent xi, 149 p. ;
Dimensions 32 cm.
504 ## - BIBLIOGRAPHY, ETC. NOTE
Bibliography, etc Includes bibliographical references (p. 147-149).
650 #0 - SUBJECT ADDED ENTRY--TOPICAL TERM
Topical term or geographic name as entry element Judicial ethics
Geographic subdivision Uganda.
9 (RLIN) 1860
740 0# - ADDED ENTRY--UNCONTROLLED RELATED/ANALYTICAL TITLE
Uncontrolled related/analytical title Judicial conduct and practice.
906 ## - LOCAL DATA ELEMENT F, LDF (RLIN)
a 7
b cbc
c copycat
d 3
e ncip
f 19
g y-gencatlg
942 ## - ADDED ENTRY ELEMENTS (KOHA)
Source of classification or shelving scheme Dewey Decimal Classification
Koha item type Books
Holdings
Withdrawn status Lost status Source of classification or shelving scheme Damaged status Not for loan Home library Current library Shelving location Date acquired Total Checkouts Full call number Barcode Date last seen Date checked out Price effective from Koha item type Total Renewals Checked out Public note
    Dewey Decimal Classification     Law Development Centre Main Library Law Development Centre Main Library Text Books and Laws 04/26/2011 1 347.014 ODO 2011/2798 03/09/2012 03/09/2012 04/26/2011 Books      
    Dewey Decimal Classification     Law Development Centre Main Library Law Development Centre Main Library Text Books and Laws 04/26/2011   347.014 ODO 2011/2799 04/26/2011   04/26/2011 Books      
    Dewey Decimal Classification     Law Development Centre Main Library Law Development Centre Main Library Text Books and Laws 04/26/2011   347.014 ODO 2011/2800 04/26/2011   04/26/2011 Books      
    Dewey Decimal Classification     Law Development Centre Main Library Law Development Centre Main Library Text Books and Laws 04/26/2011 1 347.014 ODO 2011/2801 02/08/2012 02/08/2012 04/26/2011 Books 1 02/10/2012  
    Dewey Decimal Classification     Law Development Centre Main Library Law Development Centre Main Library Text Books and Laws 04/26/2011   347.014 ODO 2011/2802 04/26/2011   04/26/2011 Books      
    Dewey Decimal Classification     Law Development Centre Main Library Law Development Centre Main Library Text Books and Laws 01/09/2012   347.014 ODO 3410/2012 01/09/2012   01/09/2012 Books      
    Dewey Decimal Classification     Law Development Centre Main Library Law Development Centre Main Library Text Books and Laws 01/09/2012   347.014 ODO 3411/2012 01/09/2012   01/09/2012 Books      
          Law Development Centre Main Library Law Development Centre Main Library Text Books and Laws 11/02/2013   347.014 ODO 8091/2013 11/02/2013   11/02/2013 Books     reserve